جا ء ا لحق و با طل (Record no. 172597)

MARC details
000 -LEADER
fixed length control field 00717nam a22002297a 4500
005 - DATE AND TIME OF LATEST TRANSACTION
control field 20200207150938.0
008 - FIXED-LENGTH DATA ELEMENTS--GENERAL INFORMATION
fixed length control field 081223t xxu||||| |||| 00| 0 urd d
010 ## - LCCN (DPL NO)
LC control number A-318417
020 ## - INTERNATIONAL STANDARD BOOK NUMBER
International Standard Book Number -
Terms of availability N.A.
035 ## - SYSTEM CONTROL NUMBER
System control number A-318417
040 ## - CATALOGING SOURCE
Original cataloging agency dpl
Language of cataloging urd
082 ## - DEWEY DECIMAL CLASSIFICATION NUMBER
Classification number 270
100 ## - MAIN ENTRY--PERSONAL NAME
Personal name ا حمد يا ر خا ن
245 ## - TITLE STATEMENT
Title جا ء ا لحق و با طل
Statement of responsibility, etc ا حمد يا ر خا ن
246 ## - VARYING FORM OF TITLE
Title proper/short title Jaulhaque wa Batel
Remainder of title by Ahmed Yaar Khan Ashrafi
260 ## - PUBLICATION, DISTRIBUTION, ETC. (IMPRINT)
Place of publication, distribution, etc Gujrat
Name of publisher, distributor, etc Ahmed Yaar Khan Ashrafi
Date of publication, distribution, etc 1957
270 ## - ADDRESS
Address Madarsa Ghosia Naimia
City Gujrat
Postal code -
Telephone number -
Fax number -
Electronic mail address -
300 ## - PHYSICAL DESCRIPTION
Extent 471+270 ص
Dimensions 22 cm. (Hb)
650 ## - SUBJECT ADDED ENTRY--TOPICAL TERM
Topical term or geographic name as entry element اردو ادب
650 ## - SUBJECT ADDED ENTRY--TOPICAL TERM
Topical term or geographic name as entry element Urdu Literature
942 ## - ADDED ENTRY ELEMENTS (KOHA)
Source of classification or shelving scheme Dewey Decimal Classification
Item type Urdu Bks
Classification part 270
Call number suffix ج ا ء
Holdings
Withdrawn status Lost status Source of classification or shelving scheme Damaged status Not for loan Collection code Home library Current library Date acquired Source of acquisition Cost, normal purchase price Total Checkouts Full call number Barcode Date last seen Copy number Cost, replacement price Koha item type
    Dewey Decimal Classification     Non-fiction Central Library Central Library 07/02/2020 BPPD/Ven. 0.00   270 ج ا ء A-318417 07/02/2020 1 0.00 Urdu Bks

© Delhi Public Library
Hit Counter
free hit counter